| 000 | 00932 a2200229 4500 | ||
|---|---|---|---|
| 001 | 59027 | ||
| 005 | 20260407155845.0 | ||
| 008 | 260407a1993 arg spa d | ||
| 003 | AR-UNSa-BCEJYS | ||
| 040 |
_aAR-UNSa-BCEJYS _bspa _cAR-UNSa-BCEJYS |
||
| 080 |
_a665.6/.7 _xProcesos y productos de la industria del petróleo e industrias análogas |
||
| 245 | 1 | 0 |
_aLa politica de desregulación petrolera argentina _pantecedentes e impactos |
| 020 | _a950-25-1349-5 | ||
| 264 | 1 |
_aBuenos Aires : _bCentro Editor de America Latina _c1993 |
|
| 300 |
_a338 p. _c21 cm. |
||
| 505 | _a1. Las políticas petroleras en el pasado reciente – 2. Las políticas petroleras actuales – 3. Los impactos de la política petrolera – 4. La desregulación petrolera después de 1992 | ||
| 942 | _cBK | ||
| 590 | _aniveau_biblio:m niveau_hierar:0 | ||
| 100 | 1 | _aKozulj, Roberto | |
| 700 | 1 | _aBravo, Victor | |
| 700 | 1 | _aDi Sbroiavacca, Nicolás | |
| 999 |
_c6580 _d6580 |
||